Frontier ; 150 years of the West /

Bibliographic Details
Main Author: Short, Luke, 1908-1975
Format: Book
Language:English
Published: New York : Bantam Books, [1955]
Series:A Bantam western, A1401

MARC

Tag First Indicator Second Indicator Subfields
LEADER 00000cam a2200000 4500
001 in00000680021
005 20151015163428.0
008 780404s1955 nyu 00011 eng d
035 |a (OCoLC)03779231 
035 |9 ACZ6110AM 
040 |a ICC  |c ICC  |d TXA  |d UtOrBLW 
049 |a TXAS  |c [1093475] 
090 |a PZ3.G4955  |b Fr 
100 1 |a Short, Luke,  |d 1908-1975. 
245 1 0 |a Frontier ;  |b 150 years of the West /  |c edited by Luke Short [pseudonym]. 
264 1 |a New York :  |b Bantam Books,  |c [1955] 
264 4 |c [©1955] 
300 |a 248 pages ;  |c 18 cm. 
336 |a text  |b txt  |2 rdacontent 
337 |a unmediated  |b n  |2 rdamedia 
338 |a volume  |b nc  |2 rdacarrier 
490 0 |a A Bantam western, A1401 
999 |a MARS 
999 f f |s 8bd8031b-9df5-315c-9275-5c5582308059  |i 7cf0eaa4-a5a4-390d-8e22-7b85616b411c  |t 0 
952 f f |p noncirc  |a Texas A&M University  |b College Station  |c Cushing Memorial Library & Archives  |d Cushing: Kelsey Americana (Does not check out)  |t 0  |e PZ3.G4955 Fr  |h Library of Congress classification  |i unmediated -- volume 
952 f f |p noncirc  |a Texas A&M University  |b College Station  |c Cushing Memorial Library & Archives  |d Cushing: Dykes (Does not check out)  |t 0  |e PZ3.G4955 Fr  |h Library of Congress classification  |i unmediated -- volume  |m A14851898693 
998 f f |a PZ3.G4955 Fr  |t 0  |l Cushing: Dykes (Does not check out) 
998 f f |a PZ3.G4955 Fr  |t 0  |l Cushing: Kelsey Americana (Does not check out)